Routing protocols and concepts : (Record no. 7085)
[ view plain ]
| 000 -LEADER | |
|---|---|
| fixed length control field | 01084cam a22002054a 4500 |
| 020 ## - INTERNATIONAL STANDARD BOOK NUMBER | |
| ISBN | 9781587132063 (hbk. : CDROM) |
| 020 ## - INTERNATIONAL STANDARD BOOK NUMBER | |
| ISBN | 1587132060 (hbk. : CDROM) |
| 050 00 - CALL NUMBER | |
| Classification number | TK5105.543 |
| Item number | .G75 |
| 100 1# - AUTHOR | |
| Personal name | Graziani, Rick. |
| 245 10 - TITLE | |
| Title | Routing protocols and concepts : |
| Remainder of title | CCNA exploration companion guide / |
| Statement of responsibility, etc | Rick Graziani, Allan Johnson. |
| 260 ## - PUBLICATION INFORMATION | |
| Place of publication | Indianapolis, Ind. : |
| Name of publisher | Cisco Press, |
| Year of publication | c2008. |
| 300 ## - DESCRIPTION | |
| Number of Pages | xxxiv, 606 p. : |
| Other physical details | col. ill. ; |
| Dimensions | 25 cm. + |
| Accompanying material | 1 CD-ROM (4 3/4 in.). |
| 440 ## - SERIES | |
| SERIES | Cisco Networking Academy Program series. |
| 500 ## - NOTES | |
| General note | Includes index |
| 505 ## - FORMATTED CONTENTS NOTE | |
| Table of Content | Ch. 1. Introduction to Routing and Packet Forwarding --<br/>Ch. 2. Static Routing --<br/>Ch. 3. Introduction to Dynamic Routing Protocols --<br/>Ch. 4. Distance Vector Routing Protocols --<br/>Ch. 5. RIP Version 1 --<br/>Ch. 6. VLSM and CIDR --<br/>Ch. 7. RIPv2 --<br/>Ch. 8. Routing Table: A Closer Look --<br/>Ch. 9. Eigrp --<br/>Ch. 10. Link-State Routing Protocols --<br/>Ch. 11. OSPF --<br/> |
| 650 #0 - SUBJECTS | |
| Topical Term | Routers (Computer networks) |
| 650 #0 - SUBJECTS | |
| Topical Term | Routing protocols (Computer network protocols) |
| 700 1# - OTHER AUTHORS | |
| Personal name | Johnson, Allan, |
| 942 ## - ADDED ENTRY ELEMENTS (KOHA) | |
| Koha item type | Books |
| Withdrawn status | Lost status | Collection code | Home library | Current library | Shelving location | Date acquired | Full call number | Accession Number | Koha item type |
|---|---|---|---|---|---|---|---|---|---|
| Reference | Methodist University Library Main | Methodist University Library Main | General Stacks | TK5105.543 .G75 | 2327 | Books |